| 000 | 00932nam a22002297a 4500 | ||
|---|---|---|---|
| 999 |
_c62292 _d62292 |
||
| 005 | 20240918173719.0 | ||
| 008 | 240918s2019 enk||||| |||| 00| 0 eng d | ||
| 020 | _a9781632280671x | ||
| 041 | _aeng | ||
| 080 | _a613.88 I-57 | ||
| 245 |
_aIn Case You're Curious: Questions about Sex from Young People with Answers from the Experts / _cWritten by M. Alderton, D. Fellman, M. Hilton, J. Labarr; Edited by M. Hilton. |
||
| 264 |
_aNew Jersey : _bViva Editions, _c2019. |
||
| 300 |
_a318 p.: _bill.; _c21 cm. |
||
| 653 | _aკითხვები სქესის შესახებ | ||
| 653 | _aმედიცინა | ||
| 700 |
_a M. Alderton, _eავტორი _923238 |
||
| 700 |
_aD. Fellman, _eავტორი _923239 |
||
| 700 |
_a M. Hilton, _eავტორი _923240 |
||
| 700 |
_aJ. Labarr; _eავტორი _923241 |
||
| 700 |
_aHilton, M. _eრედაქტორი _923242 |
||
| 942 |
_2udc _cBK |
||